Interferon induction by human adenovirus in vivo

Elmentve itt :
Bibliográfiai részletek
Szerzők: Pusztai Rozália
Bakay M
Mucsi I
Oláhné Béládi Ilona
Dokumentumtípus: Cikk
Megjelent: 1969
Sorozat:ACTA VIROLOGICA 13 No. 1
Tárgyszavak:
mtmt:2220223
Online Access:http://publicatio.bibl.u-szeged.hu/34128
LEADER 00726nab a2200229 i 4500
001 publ34128
005 20250616094603.0
008 250616s1969 hu o 000 eng d
022 |a 0001-723X 
024 7 |a 2220223  |2 mtmt 
040 |a SZTE Publicatio Repozitórium  |b hun 
041 |a eng 
100 1 |a Pusztai Rozália 
245 1 0 |a Interferon induction by human adenovirus in vivo  |h [elektronikus dokumentum] /  |c  Pusztai Rozália 
260 |c 1969 
300 |a 71-73 
490 0 |a ACTA VIROLOGICA  |v 13 No. 1 
650 4 |a Klinikai orvostan 
700 0 1 |a Bakay M  |e aut 
700 0 1 |a Mucsi I  |e aut 
700 0 2 |a Oláhné Béládi Ilona  |e aut 
856 4 0 |u http://publicatio.bibl.u-szeged.hu/34128/1/aok_klny_881_69.pdf  |z Dokumentum-elérés